| 000 | 00503nam a2200181Ia 4500 | ||
|---|---|---|---|
| 999 |
_c14261 _d14261 |
||
| 003 | OSt | ||
| 005 | 20201027122057.0 | ||
| 008 | 190216s9999||||xx |||||||||||||| ||und|| | ||
| 020 | _a0553840371 | ||
| 040 | _coclc | ||
| 082 |
_a813.54 _bGEO/A |
||
| 100 |
_a George, Elizabath _96048 |
||
| 245 | 2 |
_aA Traitor To Memory / _cElizabeth George |
|
| 260 |
_bBantam Books, _anew york: _c2000. |
||
| 300 | _a1009p | ||
| 650 | _aEnglish | ||
| 942 |
_cBK _2ddc _h813.54 _iGEO/A _k813.54 _mGEO/A |
||